000 00621nam a22002297a 4500
003 OSt
005 20140310181932.0
008 130723t xxu||||| |||| 00| 0 eng d
020 _a1853261491
050 _aPZ 7
_b.M135 1995
082 _aCLA M14a
_b1994
100 _aMacdonald, George
_92869
245 _aAt the back of the north wind /
_cGeorge Macdonald.
260 _aLondon :
_bWordsworth editions,
_cc1994.
300 _a391p. :
_bill. ;
_c18cm.
521 _aBasic Ed .Students
541 _j1
541 _j2
562 _e2
650 _aclassics
_92808
942 _2lcc
_cBBK
_kCLA
999 _c7413
_d7413